Intuitive Analog Circuit Design : A Problem-Solving Approach using Design Case Studies

Salvato in:
Dettagli Bibliografici
Autore principale: Thompson, Marc T. (Autore)
Natura: Libro
Lingua:inglese
Pubblicazione: Oxford : Elsevier, 2006
Burlington : Newnes, 2006
Soggetti:
Tags: Aggiungi Tag
Nessun Tag, puoi essere il primo ad aggiungerne!!

MARC

LEADER 00000nam a22000003a 4500
001 stu129838
005 20150617225934.6
008 061116s2006----uk------------------eng-d
020 |a 0-7506-7786-4 
020 |a 978-0-7506-7786-8 
040 |a STU  |b slo 
041 0 |a eng 
044 |a uk  |a xxu 
080 |a 621.372.037.33 
080 |a 621.382.7 
100 1 |a Thompson, Marc T.  |4 aut 
245 1 |a Intuitive Analog Circuit Design :  |b A Problem-Solving Approach using Design Case Studies 
260 |a Oxford :  |b Elsevier,  |c 2006 
260 |a Burlington :  |b Newnes,  |c 2006 
300 |a 480 s 
650 7 |a analógové obvody  |2 stusub 
996 |b 284EK86549  |c E*86549  |l EE11  |s P  |a 0  |w stu129838_0001